Southville International School and Colleges
Your cart is empty.
  • Cart
  • Lists
    Public lists Eva Luna New books Lux_list list_1
    Your lists Log in to create your own lists
  • Log in to your account
  • Your cookies
  • Search history
Southville International School and Colleges
  • Advanced search
  • Recent comments
  • Most popular
  • Libraries

Log in to your account

Log in with GOOGLE


If you do not have an external account, but do have a local account, you can still log in:

  1. Home
  2. MARC view: Frankenstein /
Normal view MARC view ISBD view

Frankenstein / (Record no. 368466)

[ view plain ]
MARC details
000 -LEADER
fixed length control field 01052nam a22002297a 4500
003 - CONTROL NUMBER IDENTIFIER
control field 0
005 - DATE AND TIME OF LATEST TRANSACTION
control field 20251105094329.0
008 - FIXED-LENGTH DATA ELEMENTS--GENERAL INFORMATION
fixed length control field 251105b xxu||||| |||| 00| 0 eng d
020 ## - INTERNATIONAL STANDARD BOOK NUMBER
International Standard Book Number 978-1-84749-350-7
050 ## - LIBRARY OF CONGRESS CALL NUMBER
Classification number PR 5397
Item number .S54 2021
100 ## - MAIN ENTRY--PERSONAL NAME
Personal name Shelley, Mary Wollstonecraft,
Dates associated with a name 1797–1851,
Relator term author.
245 ## - TITLE STATEMENT
Title Frankenstein /
Statement of responsibility, etc Mary Shelley.
260 ## - PUBLICATION, DISTRIBUTION, ETC. (IMPRINT)
Place of publication, distribution, etc Richmond, Surrey :
Name of publisher, distributor, etc Alma Classics,
Date of publication, distribution, etc 2021.
300 ## - PHYSICAL DESCRIPTION
Extent 207 pages ;
Dimensions 20 cm.
500 ## - GENERAL NOTE
General note Originally published in 1818.<br/>Includes an introduction and notes.<br/>This edition contains additional materials including author biography and contextual essays.
504 ## - BIBLIOGRAPHY, ETC. NOTE
Bibliography, etc Includes bibliographical references.
520 ## - SUMMARY, ETC.
Summary, etc A gothic novel about Victor Frankenstein, a young scientist who creates a living being from dead body parts, only to be horrified by his own creation. The story explores themes of ambition, responsibility, and the consequences of defying nature.
650 ## - SUBJECT ADDED ENTRY--TOPICAL TERM
Topical term or geographic name as entry element Monsters
Form subdivision Fiction.
650 ## - SUBJECT ADDED ENTRY--TOPICAL TERM
Topical term or geographic name as entry element Scientists
Form subdivision Fiction.
650 ## - SUBJECT ADDED ENTRY--TOPICAL TERM
Topical term or geographic name as entry element Horror tales.
942 ## - ADDED ENTRY ELEMENTS (KOHA)
Source of classification or shelving scheme Library of Congress Classification
Koha item type Books
Holdings
Withdrawn status Lost status Source of classification or shelving scheme Damaged status Home library Current library Shelving location Date acquired Source of acquisition Sub Shelving location Total Checkouts Full call number Barcode Date last seen Price effective from Koha item type
    Library of Congress Classification   Luxembourg Library Luxembourg Library Classic Section 11/19/2024 Library Fund     PR 5397 .S54 2021 21477 11/05/2025 11/05/2025 Books

Frankenstein /

APA

Shelley M. W., . (2021). Frankenstein. Richmond, Surrey: Alma Classics.

Chicago

Shelley Mary Wollstonecraft, . 2021. Frankenstein. Richmond, Surrey: Alma Classics.

Harvard

Shelley M. W., . (2021). Frankenstein. Richmond, Surrey: Alma Classics.

MLA

Shelley Mary Wollstonecraft, . Frankenstein. Richmond, Surrey: Alma Classics. 2021.

  • Place hold
  • Print
  • Cite
  • Add to your cart (remove)
  • Save record
    BIBTEX Dublin Core MARCXML MARC (non-Unicode/MARC-8) MARC (Unicode/UTF-8) MARC (Unicode/UTF-8, Standard) MODS (XML) RIS
  • More searches
    Search for this title in:
    Other Libraries (WorldCat) Other Databases (Google Scholar) Online Stores (Bookfinder.com) Open Library (openlibrary.org)

Exporting to Dublin Core...

SOUTHVILLE LIBRARY

Southville International School and Colleges Library

1281 Tropical Ave. Cor. Luxembourg St., BF Homes International, Las Pinas City

Tel. No. 8256374 / 252358 Loc. 117/146

Powered by Koha